| Tag |
First Indicator |
Second Indicator |
Subfields |
| LEADER |
00000cam a2200000 4500 |
| 001 |
in00001908721 |
| 006 |
m | d | |
| 007 |
cr |n||||||||n |
| 008 |
860227s1716 enk|||| s 00||||eng d |
| 005 |
20260407193334.6 |
| 035 |
|
|
|a (CStRLIN)ESTCN22495
|
| 040 |
|
|
|a Cu-RivES
|c Cu-RivES
|d CStRLIN
|d Thomson Gale
|d UtOrBLW
|
| 100 |
1 |
|
|a Topping, Henry,
|d 1684-
|
| 245 |
1 |
2 |
|a A sermon against popery and the rebellion :
|b preach'd at St. Paul's Covent-Garden, upon New-Year's day. By Henry Topping, ...
|
| 264 |
|
3 |
|a London :
|b printed for J. Knapton,
|c 1716.
|
| 300 |
|
|
|a 4 unnumbered pages, 32p. ;
|c 4⁰.
|
| 336 |
|
|
|a text
|b txt
|2 rdacontent
|
| 337 |
|
|
|a computer
|b c
|2 rdamedia
|
| 338 |
|
|
|a online resource
|b cr
|2 rdacarrier
|
| 500 |
|
|
|a The same setting of type was also printed using an 8⁰ imposition.
|
| 500 |
|
|
|a Reproduction of original from the William Andrews Clark Memorial Library (UCLA).
|
| 510 |
4 |
|
|a English Short Title Catalog,
|c ESTCN22495.
|
| 533 |
|
|
|a Electronic reproduction.
|b Farmington Hills, Mich. :
|c Thomson Gale,
|d 2003.
|n Available via the World Wide Web.
|n Access limited by licensing agreements
|7 s2003 miunns
|
| 500 |
|
|
|a Electronic resource.
|
| 830 |
|
0 |
|a Eighteenth century collections online.
|
| 856 |
4 |
0 |
|u http://proxy.library.tamu.edu/login?url=https://galenet.galegroup.com/servlet/ECCO?c=1&stp=Author&ste=11&af=BN&ae=N022495&tiPG=1&dd=0&dc=flc&docNum=CW121697854&vrsn=1.0&srchtp=a&d4=0.33&n=10&SU=0LRF&locID=txshracd2898
|z Full text online
|t 0
|
| 999 |
|
|
|a MARS
|
| 999 |
f |
f |
|s 9b35644b-7867-3d00-bec8-7c94961104de
|i 4720f2ce-3b57-338d-be90-e5cb95e6b578
|t 0
|
| 952 |
f |
f |
|a Texas A&M University
|b College Station
|c Electronic Resources
|s www_evans
|d Available Online
|t 0
|h No information provided
|
| 998 |
f |
f |
|t 0
|l Available Online
|